000
00293nam a22001097a 4500
082
_a
080/HAU
100
_a
हाउजल
245
_a
सेम इज एवर
260
_a
मुंबई
_b
jaico publishing house
_c
2024
650
_a
सामान्य वर्ग
942
_c
HIN
999
_c
67780
_d
67780